MCU Movies + Shows by main Antagonist - Statistics

General Stats
  • This quiz has been taken 60 times
  • The average score is 24 of 30
Answer Stats
Antagonist Answer % Correct
Hela Thor: Ragnarok
98%
Thanos Avengers: Infinity War / Avengers: Endgame
96%
Iron Monger Iron Man
93%
Mysterio Spider-Man: Far From Home
91%
Yellowjacket Ant-Man
89%
Green Goblin Spider-Man: No Way Home
89%
Loki Thor / The Avengers
89%
Baron Zemo Captain America: Civil War
87%
Ultron Avengers: Age of Ultron / What If...?
84%
Killmonger Black Panther
84%
Whiplash Iron Man 2
84%
Aldrich Killian Iron Man 3
84%
Malekith Thor: The Dark World
84%
Red Skull Captain America: The First Avenger
82%
Kaecilius Doctor Strange
82%
Scarlet Witch Doctor Strange in the Multiverse of Madness
82%
Ronan Guardians of the Galaxy
82%
Ego Guardians of the Galaxy Vol. 2
82%
Abomination The Incredible Hulk
82%
Agatha Harkness WandaVision
82%
Ikaris Eternals
80%
Xu Wenwu Shang-Chi and the Legend of the Ten Rings
80%
Vulture Spider-Man: Homecoming
80%
Ghost Ant-Man and the Wasp
76%
Yon-Rogg Captain Marvel
67%
Alexander Pierce Captain America: The Winter Soldier
64%
Echo Hawkeye
64%
He Who Remains Loki
64%
Arthur Harrow Moon Knight
60%
Flagsmasher The Falcon and the Winter Soldier
58%
No matching quizzes found
Score Distribution
Percent of People with Each Score
Percentile by Number Answered
Your Score History
You have not taken this quiz